000 00642nam a2200217Ia 4500
005 20220726144219.0
008 210716s2005 xx 000 0 und d
020 _a9788183331470
040 _cAIMIT LIBRARY
041 _aeng
082 _a005.276
_21
_bKOIS
100 _aKoirala, Shivprasad.
_953355
245 _a.NET:
_binterview questions /
_cShivprasad Koirala
250 _a1st
260 _aNew Delhi :
_bBPB Publications ,
_c2005.
300 _axxix, 364p. ;
_c23 cm.
650 _aBasic. NET framework
_953356
650 _aNET interoperability
_953357
650 _aThreading
_953358
942 _2ddc
_cBK
_e1st
_k005.276 KOIS
999 _c190830
_d190830